000
00202nam a22000857a 4500
008
161202b xxu||||| |||| 00| 0 eng d
100
_9
1756
_a
Gammel. H
245
_a
The gujjar
260
_a
New delhi
_b
CBT
_c
2011
999
_c
4465
_d
4465